|
|
|
|
| LEADER |
00000nam0a2200000 4500 |
| 001 |
53044 |
| 005 |
20231031044032.0 |
| 035 |
|
|
|a (RuTPU)RU\TPU\book\55623
|
| 090 |
|
|
|a 53044
|
| 100 |
|
|
|a 20030610d1972 m y0rusy50 ca
|
| 101 |
0 |
|
|a rus
|
| 102 |
|
|
|a RU
|
| 105 |
|
|
|a a j 001zy
|
| 200 |
1 |
|
|a Интерпретация результатов геофизических исследований разрезов скважин
|e учебное пособие
|f С. С. Итенберг
|
| 210 |
|
|
|a Москва
|c Недра
|d 1972
|
| 215 |
|
|
|a 312 с.
|c ил.
|
| 320 |
|
|
|a Библиогр.: с. 308-309.
|
| 451 |
|
1 |
|0 (RuTPU)RU\TPU\book\39551
|t Интерпретация результатов геофизических исследований скважин
|o учебное пособие
|f С. С. Итенберг
|e 2-е изд. перераб. и доп.
|c Москва
|n Недра
|d 1987
|p 374 с.
|a Итенберг, Семен Самуилович
|
| 610 |
1 |
|
|a геология
|
| 610 |
1 |
|
|a геофизические исследования
|
| 610 |
1 |
|
|a скважины
|
| 610 |
1 |
|
|a разрезы
|
| 610 |
1 |
|
|a результаты
|
| 610 |
1 |
|
|a интерпретация результатов
|
| 610 |
1 |
|
|a каротаж
|
| 610 |
1 |
|
|a учебные пособия
|
| 675 |
|
|
|a 550.832(075.8)
|v 3
|
| 700 |
|
1 |
|a Итенберг
|b С. С.
|g Семен Самуилович
|
| 801 |
|
1 |
|a RU
|b 63413507
|c 20030610
|g PSBO
|
| 801 |
|
2 |
|a RU
|b 63413507
|c 20170119
|g PSBO
|
| 942 |
|
|
|c BK
|